01093nam a22002777a 4500003000200000005001700002008000200019010001300021020002200034035002300056037001600079040001500095082002000110245010700130260004300237270006200280300002400342500005100366650002400417650003300441700003000474942002900504999001900533952012700552952013600679020180728181708.00 aB-019313 c00.00a8173913420 aB-019313, B-019314 bCen Lib/Ret aDPLbENc0 a331.310954bEXP aexpolited children :cedited by M. Koteshwara Raoba comprehensiveblueprint for child rehabilitation / bKanishka Publishers aNew Delhi c2000 bNew Delhi a4697/5-21A, ansari road, dariya ganj e110002 axv, 416p.c21cm(Hb) aIncludes bibliographical references and index  aChild labour 98241 aHistorical background 97198 aRao, M. Koteshwara917839 2ddccENh331.310954mEXP c126562d126562 00104070aLbLd2015-06-25eCen Lib/Retg0.00l0o331.310954 EXPpB-019313r2015-06-25 00:00:00t1v0.00w2015-06-25yEN 00102ddc40708NFICaBL1bBL1d2018-07-28eBPPD/PUBg0.00l0o331.310954 EXPpB-019314r2018-07-28 00:00:00v0.00w2018-07-28yEN